000 00536nam a2200169Ia 4500
008 090711s9999 xx 000 0 und d
082 _b25780
100 _aकालेलकर मधुसूदन
245 _aअबोल झालीस का ?
260 _c1968
300 _a115
600 _aकालेलकर मधुसूदन
630 _aअबोल झालीस का ?
700 _aकालेलकर मधुसूदन
730 _aअबोल झालीस का ?
942 _cBOOK
999 _c305536
_d305536